Kpop idols list - Statistics

General Stats
  • This quiz has been taken 98 times
    64 since last reset
  • The average score is 248 of 489
Answer Stats
Group Answer % Correct
STAYC J.
100%
Straykids Han
98%
Seventeen Jun
98%
Xdinary Heroes Jun Han
98%
Infinite L
98%
BTS V
98%
Wave to earth Daniel
96%
Everglow E:U
96%
BTS Jungkook
96%
&Team K
96%
Day6 Young K
96%
Blackpink Jennie
94%
BTS Jimin
94%
Blackpink Jisoo
94%
&Team Jo
94%
Blackpink Lisa
94%
Blackpink Rosé
94%
BTS Suga
94%
Aespa Winter
94%
Hearts2Hearts A-na
92%
Straykids Felix
92%
Enhypen Jake
92%
Enhypen | IKON Jay
92%
BTS Jhope
92%
BTS Jin
92%
EXO Kai
92%
Enhypen Niki
92%
Aespa Ningning
92%
BTS RM
92%
Ateez San
92%
Hearts2Hearts Ye-on
92%
Straykids Bangchan
90%
IKON Chan
90%
Newjeans/NJZ Danielle
90%
Aespa Giselle
90%
XLOV Hyun
90%
Straykids Hyunjin
90%
Straykids I.N.
90%
Aespa Karina
90%
Katseye Manon
90%
Enhypen Sunoo
90%
Newjeans/NJZ Hanni
88%
Enhypen Heeseung
88%
Enhypen Jungwon
88%
NMIXX Lily
88%
Newjeans/NJZ Minji
88%
Twice Sana
88%
Straykids Seungmin
88%
Tomorrow x Together Soobin
88%
Boynextdoor Sungho
88%
Enhypen Sunghoon
88%
Twice Jihyo
85%
Straykids Lee Know
85%
Itzy Yeji
85%
Tomorrow x Together Yeonjun
85%
STAYC Yoon
85%
Winner Yoon,
85%
Itzy Yuna
85%
Straykids Changbin
83%
Katseye Lara
83%
Itzy Lia
83%
Twice Mina
83%
Twice Momo
83%
Katseye Sophia
83%
Illit Wonhee
83%
Newjeans/NJZ Haerin
81%
Newjeans/NJZ Hyein
81%
GOT7 | NCT DREAM | NCT127 Mark
81%
Seventeen Mingyu
81%
Twice Nayeon
81%
Itzy Ryujin
81%
Lesserafim Sakura
81%
Seventeen The8
81%
Twice Tzuyu
81%
IVE Wonyoung
81%
Lesserafim Yunjin
81%
NMIXX Bae
79%
Tomorrow x Together Beomgyu
79%
Itzy Chaeryeong
79%
Lesserafim Chaewon
79%
Twice Chaeyoung
79%
Twice Dahyun
79%
IKON | Seventeen DK
79%
EXO D.O.
79%
Red velvet Irene
79%
Hearts2Hearts | NMIXX Jiwoo
79%
Seventeen Joshua
79%
Red velvet Joy
79%
Lesserafim Kazuha
79%
P1harmony Keeho
79%
Katseye Megan
79%
Illit Moka
79%
Seventeen Scoups
79%
I-dle Soyeon
79%
Seventeen Vernon
79%
Katseye Yoonchae
79%
Seventeen Dino
77%
BigBang G-Dragon
77%
Seventeen Hoshi
77%
Mamamoo Hwasa
77%
GOT7 Jackson
77%
I-dle Minnie
77%
Tomorrow x Together Taehyun
77%
Red velvet Yeri
77%
I-dle Yuqi
77%
OH MY GIRL Arin
75%
Babymonster Chiquita
75%
Katseye Daniela
75%
Lesserafim Eunchae
75%
Twice Jeongyeon
75%
IVE Liz
75%
Red velvet Seulgi
75%
Red velvet Wendy
75%
IVE An Yujin
73%
Babymonster Asa
73%
EXO Chen
73%
Astro Eunwoo
73%
Tomorrow x Together Hueningkai
73%
Illit Iroha
73%
Boynextdoor | NCT DOJAEJUNG | NCT127 Jaehyun
73%
Seventeen Jeonghan
73%
Cortis Martin
73%
I-dle Miyeon
73%
Astro Moonbin
73%
Kiss of life Natty
73%
IVE Rei
73%
Seventeen Seungkwan
73%
Seventeen Woozi
73%
Kep1er | Zerobaseone Yujin
73%
Babymonster Ahyeon
71%
GOT7 Bambam
71%
Kiss of life Belle
71%
XLOV Haru
71%
Cortis James
71%
IVE Leeseo
71%
Ateez MIngi
71%
Illit Minju
71%
I-dle Shuhua
71%
Mamamoo Solar
71%
Seventeen Wonwoo
71%
P1harmony Intak
69%
Ateez Jongho
69%
Kiss of life Julie
69%
NMIXX Kyujin
69%
NMIXX Sullyoon
69%
Shinee Taemin
69%
BigBang Taeyang
69%
2PM | Ateez Wooyoung
69%
SF9 Yoo Taeyang
69%
IVE Gaeul
67%
NMIXX Haewon
67%
Tempest | Zerobaseone Hanbin
67%
Mamamoo Moonbyul
67%
Babymonster Rami
67%
Ateez Yeosang
67%
Illit Yunah
67%
NCT DOJAEJUNG | NCT127 | Treasure Doyoung
65%
Ateez Hongjoong
65%
Dreamcatcher JiU
65%
Shinee Jonghyun
65%
8Turn | Shinee Minho
65%
Babymonster Pharita
65%
Ateez Seonghwa
65%
P1harmony Soul
65%
P1harmony Theo
65%
Ateez Yunho
65%
EXO Baekhyun
63%
2NE1 CL
63%
BigBang Daesung
63%
Meovv Ella
63%
NCT DREAM | NCT127 Haechan
63%
NCT127 Johnny
63%
Shinee Key
63%
Zerobaseone Matthew
63%
Zerobaseone Ricky
63%
Babymonster Ruka
63%
EXO Sehun
63%
Girl's generation Taeyeon
63%
Girl's generation Tiffany
63%
EXO Chanyeol
60%
STAYC Isa
60%
NCT DREAM Jisung
60%
P1harmony Jiung
60%
NCT DOJAEJUNG | NCT127 Jungwoo
60%
Cortis Keonho
60%
Shinee Onew
60%
The Boyz Q
60%
Babymonster Rora
60%
EXO Suho
60%
Tempest | Zerobaseone Taerae
60%
Pentagon Yeo One
60%
NCT127 Yuta
60%
Zerobaseone Zhang hao
60%
2NE1 Bom
58%
The Boyz Eric
58%
Kiss of life Haneul
58%
EXO Lay
58%
Boynextdoor Leehan
58%
&Team Maki
58%
NCT127 Taeyong
58%
Mamamoo Wheein
58%
EXO Xiumin
58%
Meovv Anna
56%
NCT DREAM Chenle
56%
Zerobaseone Gyuvin
56%
NCT DREAM Jeno
56%
Zerobaseone Jiwoong
56%
NCT DREAM Renjun
56%
RIIZE Shotaro
56%
RIIZE Anton
54%
Zerobaseone Gunwook
54%
NCT DREAM Jaemin
54%
Billlie Moon Sua
54%
Boynextdoor Riwoo
54%
NCT WISH Sakuya
54%
NCT WISH Sion
54%
RIIZE Sohee
54%
NCT127 Winwin
54%
RIIZE Wonbin
54%
GOT7 | TWS Youngjae
54%
Kep1er Bahiyyih
52%
Treasure Haruto
52%
GOT7 JayB
52%
GOT7 Jinyoung
52%
Cortis Juhoon
52%
IKON Ju-ne
52%
Omega X | The Boyz Kevin
52%
RIIZE Sungchan
52%
Boynextdoor Taesan
52%
Boynextdoor Woonhak
52%
Everglow Aisha
50%
TWS | Treasure Jihoon
50%
&Team Nicholas
50%
NCT WISH Riku
50%
Cortis Seonghyeon
50%
&Team Taki
50%
GOT7 Yugyeom
50%
MONSTA X I.M.
48%
The Boyz Jacob
48%
The Boyz New
48%
NCT WISH Ryo
48%
Girl's generation Sunny
48%
Kep1er Xiaoting
48%
Meovv Gawon
46%
BTOB | MONSTA X Minhyuk
46%
Astro MJ
46%
Everglow Onda
46%
STAYC Sieun
46%
The Boyz Sunwoo
46%
Block B Taeil
46%
Billlie Tsuki
46%
Viviz Umji
46%
Treasure Yoshi
46%
IKON Bobby
44%
Hearts2Hearts Carmen
44%
&Team EJ
44%
RIIZE Eunseok
44%
SUPERJUNIOR Heechul
44%
Astro Jinjin
44%
Meovv Nari
44%
Astro Sanha
44%
STAYC Seeun
44%
Viviz SinB
44%
Girl's generation Yoona
44%
Block B Zico
44%
Treasure Asahi
42%
2NE1 Dara
42%
Kep1er Hikaru
42%
Girl's generation Hyoyeon
42%
NCT WISH Jaehee
42%
2PM Jun.K
42%
The Boyz Juyeon
42%
Everglow Sihyeon
42%
Meovv Sooin
42%
2PM Taecyeon
42%
NCT WISH Yushi
42%
&Team Harua
40%
Pentagon Hui
40%
Izna Jeemin
40%
Block B Kyung
40%
XLOV Rui
40%
MONSTA X Shownu
40%
STAYC Sumin
40%
XLOV Wumuti
40%
&Team Fuma
38%
MONSTA X Hyungwon
38%
Treasure Hyunsuk
38%
MONSTA X Joohoney
38%
SUPERJUNIOR Leeteuk
38%
Izna Mai
38%
BTOB Peniel
38%
The Boyz Sangyeon
38%
SUPERJUNIOR Shindong
38%
Hearts2Hearts Stella
38%
Dreamcatcher SuA
38%
Day6 Wonpil
38%
The Boyz Younghoon
38%
Kep1er Dayeon
35%
TWS Dohoon
35%
Viviz Eunha
35%
The Boyz Hyunjae
35%
Hearts2Hearts Ian
35%
Alpha Drive One Leo
35%
SUPERJUNIOR Siwon
35%
Girl's generation Sooyoung
35%
&Team Yuma
35%
Girl's generation Yuri
35%
Dreamcatcher Dami
33%
BTOB Eunkwang
33%
Treasure Jaehyuk
33%
Izna Koko
33%
8Turn | TWS Kyungmin
33%
Girl's generation Seohyun
33%
BTOB Sungjae
33%
Pentagon Wooseok
33%
BTOB Changsub
31%
Apink Eunji
31%
Treasure Junkyu
31%
Xdinary Heroes O.de
31%
Izna Sarang
31%
TWS Shinyu
31%
IKON Song
31%
Xdinary Heroes Gunil
29%
Oneus Hwanwoong
29%
Izna Jungeun
29%
2PM Junho
29%
Oneus Leedo
29%
OH MY GIRL Mimi
29%
Izna Saebi
29%
Cravity Serim
29%
Pentagon Yuto
29%
Cravity Allen
27%
Alpha Drive One Anxin
27%
SF9 Chani
27%
Day6 Dowoon
27%
TWS Hanjin
27%
Treasure Jeongwoo
27%
Xdinary Heroes Jooyeon
27%
Treasure Junghwan
27%
Hearts2Hearts Juun
27%
Oneus Keonhee
27%
Pentagon Kino
27%
Winner Mino
27%
Alpha Drive One Sangwon
27%
Dreamcatcher Siyeon
27%
Day6 Sungjin
27%
Alpha Drive One Xinlong
27%
Oneus Xion
27%
OH MY GIRL YooA
27%
Hearts2Hearts Yuha
27%
SUPERJUNIOR Donghae
25%
Xdinary Heroes Gaon
25%
KiiiKiii Jiyu
25%
KiiiKiii Kya
25%
Block B P.O.
25%
Oneus Seoho
25%
Cravity Taeyoung
25%
SF9 Dawon
23%
Billlie Haram
23%
Pentagon Hongseok
23%
BTOB Hyunsik
23%
Xdinary Heroes Jungsu
23%
CLOSE YOUR EYES Kim Sungmin
23%
SUPERJUNIOR Ryeowook
23%
Alpha Drive One Sanghyeon
23%
SUPERJUNIOR Sungmin
23%
The Rose Woosung
23%
SUPERJUNIOR Yesung
23%
Kep1er Youngeun
23%
Plave Bamby
21%
Apink Bomi
21%
SUPERJUNIOR Eunhyuk
21%
Alpha Drive One Geonwoo
21%
KiiiKiii Haum
21%
Omega X | Tempest Hyuk
21%
SF9 Inseong
21%
Cravity Jungmo
21%
Alpha Drive One Junseo
21%
SUPERJUNIOR Kyuhyun
21%
Cravity Minhee
21%
2PM Nichkhun
21%
OH MY GIRL Seunghee
21%
Billlie Sheon
21%
Billlie Suhyeon
21%
KiiiKiii Sui
21%
Pentagon Yanan
21%
Dreamcatcher Yoohyeon
21%
KickFlip Amaru
19%
Alpha Drive One Arno
19%
Block B B-Bomb
19%
Dreamcatcher Handong
19%
Billlie Haruna
19%
Apink Hayoung
19%
SF9 Hwiyoung
19%
Cravity Hyeongjun
19%
OH MY GIRL Hyojung
19%
Pentagon Jinho
19%
2AM Jokwon
19%
KiiiKiii Leesol
19%
KickFlip MInje
19%
Apink Namjoo
19%
Cravity Seongmin
19%
Billlie Siyoon
19%
Block B U-kwon
19%
Apink Chorong
17%
8Turn Jaeyun
17%
KickFlip Keiju
17%
Plave Noah
17%
Pentagon Shinwon
17%
Cravity Woobin
17%
Omega X Yechan
17%
Kep1er Chaeyun
15%
2PM Chansung
15%
KickFlip Donghwa
15%
Infinite Dongwoo
15%
Tempest Eunchan
15%
Dreamcatcher Gahyun
15%
Winner Hoony
15%
Omega X Jaehan
15%
Block B Jaehyo
15%
2AM Jinwoon
15%
Omega X Junghoon
15%
KickFlip Juwang
15%
CLOSE YOUR EYES Seungho
15%
Cravity Wonjin
15%
SF9 Zuho
15%
2AM Changmin
13%
Plave Eunho
13%
8Turn Haemin
13%
Omega X Hwichan
13%
SF9 Jaeyoon
13%
Winner Jinu
13%
CLOSE YOUR EYES Kenshin
13%
KickFlip Kyehoon
13%
8Turn Myungho
13%
Infinite Sungyeol
13%
Infinite Woohyun
13%
SF9 Youngbin
13%
OH MY GIRL Yubin
13%
8Turn Yungyu
13%
The Rose Dojoon
10%
Wave to earth Donggyu
10%
KickFlip Donghyeon
10%
The Rose Hajoon
10%
Plave Hamin
10%
Omega X Hangyeom
10%
Omega X Jehyun
10%
CLOSE YOUR EYES Jingxiang
10%
CLOSE YOUR EYES Kyoungbae
10%
Tempest LEW
10%
CLOSE YOUR EYES Minwook
10%
Omega X Sebin
10%
2AM Seulong
10%
8Turn Seungheon
10%
Wave to earth Soonjong
10%
Infinite Sungkyu
10%
Omega X Taedong
10%
Plave Yejun
10%
CLOSE YOUR EYES Yeojun
10%
8Turn Yoonsung
10%
Tempest Hyeongseop
8%
Omega X Xen
8%
P1harmony Jonseob
6%
The Rose Taegyeom
6%
MONSTA X Kyhyun
2%
Infinite Seongjong
2%
2NE1 Minzu
0%
No matching quizzes found
Score Distribution
Percent of People with Each Score
Percentile by Number Answered
Your Score History
You have not taken this quiz since the last reset